Monumentos españoles (Record no. 108877)

MARC details
000 -LEADER
campo de control de longitud fija 00794nam a2200205 i 4500
001 - NÚMERO DE CONTROL
campo de control 108877
003 - IDENTIFICADOR DE NÚMERO DE CONTROL
campo de control ES-MaACL
005 - FECHA Y HORA DE LA ÚLTIMA TRANSACCIÓN
campo de control 20230906184730.0
007 - CAMPO FIJO DE DESCRIPCIÓN FÍSICA--INFORMACIÓN GENERAL
campo de control de longitud fija t|
008 - DATOS DE LONGITUD FIJA--INFORMACIÓN GENERAL
campo de control de longitud fija 061121m19841987sp r ||||1| spa d
020 ## - NÚMERO INTERNACIONAL ESTÁNDAR DEL LIBRO
Número Internacional Estándar del Libro 84-7483-403-1
245 00 - MENCIÓN DEL TÍTULO
Título Monumentos españoles
Resto del título : catálogo de los declarados histórico-artísticos 1844-1953.
260 ## - PUBLICACIÓN, DISTRIBUCIÓN, ETC.
Lugar de publicación, distribución, etc. Madrid :
Nombre del editor, distribuidor, etc. Ministeriode Cultura, Dirección General de Bellas Artes y Archivos,
Fecha de publicación, distribución, etc. 1984-<1987>
300 ## - DESCRIPCIÓN FÍSICA
Extensión 1 v. :
Otras características físicas il ;
Dimensiones 29 cm.
505 8# - NOTA DE CONTENIDO CON FORMATO
Nota de contenido con formato Contiene: T. IV. 1954-1964
650 ## - PUNTO DE ACCESO ADICIONAL DE MATERIA--TÉRMINO DE MATERIA
Término de materia o nombre geográfico como elemento de entrada Monumentos-
Subdivisión geográfica España.
9 (RLIN) 15179
710 2# - ENTRADA AGREGADA--NOMBRE DE ENTIDAD CORPORATIVA
Nombre de entidad corporativa o nombre de jurisdicción como elemento de entrada Centro Nacional de Información Artística, Arqueológica y Etnológica (España)
9 (RLIN) 162159
710 1# - ENTRADA AGREGADA--NOMBRE DE ENTIDAD CORPORATIVA
Nombre de entidad corporativa o nombre de jurisdicción como elemento de entrada España.
Unidad subordinada Dirección General de Bellas Artes y Archivos.
9 (RLIN) 3708
852 ## - LOCALIZACIÓN
Ubicación ES-MaACL
Número de control de estantería P-553
Sublocalización o colección R.114617
Holdings
Estatus retirado Estado de pérdida Estado de daño No para préstamo Biblioteca de origen Biblioteca actual Ubicación en estantería Fecha de adquisición Fuente de adquisición Total de préstamos Signatura topográfica completa Código de barras Visto por última vez Precio de reemplazo Tipo de ítem Koha
        Biblioteca del Ateneo de Madrid Biblioteca del Ateneo de Madrid Depósito 2 17/01/2008     P-553 1113609 23/02/2023 23/02/2023 Libro impreso